| 000 | 00780cam a22002653a 4500 | ||
|---|---|---|---|
| 001 | 31870 | ||
| 003 | PGUSA | ||
| 005 | 20140828083705.0 | ||
| 008 | 100403s2010||||xxu|||||s|||||000 1 eng d | ||
| 040 |
_aPGUSA _beng |
||
| 042 | _adc | ||
| 050 | 4 | _aPZ | |
| 100 | 1 | _aMarlowe, Amy Bell | |
| 245 | 1 | 0 |
_aFrances of the Ranges; Or, The Old Ranchman's Treasure _h[electronic resource] / _cAmy Bell Marlowe |
| 260 |
_bProject Gutenberg, _c2010 |
||
| 506 | _aPublic domain in the USA. | ||
| 516 | _aElectronic text | ||
| 653 | _aRanch life -- Juvenile fiction | ||
| 653 | _aWestern stories | ||
| 653 | _aGirls -- Juvenile fiction | ||
| 653 | _aTexas -- Juvenile fiction | ||
| 830 | 0 |
_aProject Gutenberg _v31870 |
|
| 856 | 4 | 0 | _uhttp://www.gutenberg.org/ebooks/31870 |
| 942 | _cEB | ||
| 999 |
_c261125 _d261125 |
||